000 00265nam a22001217a 4500
082 _a624.1834BAL
100 _aBaloch Mohammad Ibrahim
245 _aConcrete construction
250 _aVol I & II
260 _aKarachi
_c1980
300 _a127+142
942 _cBK
999 _c13113
_d13113